00541nam a2200157 a 450000100100000000500170001000800410002704000250006808200150009310000300010824500390013826000480017730000280022595201130025399900170036600003636120200930075705.0120113s1967 sp a 000 0 spa d aDO-SdBNPbspacBNPHU axxxbV483a1 aVerdaguer, Jacinto96254813aLa Atlantida /cJacinto Verdaguer. aBilbao, España :bVasco Americana,c1967. a123 p. :bil. ;c25 cm. 001050718MOaGRbGRcCTd2012-01-13iLF1l0oxxx V483ap36362-10r2020-06-25w2020-06-25y1ZNo se presta c35852d35852